000 01164nam a2200253Ia 4500
999 _c36846
_d36846
001 2794
003 GE_BSU
005 20190506134540.0
008 181216s||||||||ge |||||||||||||| ||geo||
040 _cGE_BSU
041 _ageo
080 _a339.13 ლ–92
100 _aლუკასი, რობერტ
_9773
245 _aსაბაზრო ეკონომიკა /
_c რობერტ ლუკასი , პოლონურიდან თარგმნა : ამბროსი გრიშიკაშვილმა ; რედ : რომან გოცირიძე
250 _aI– ლი გამოცემა
264 _aთბილისი :.
_bფინანსთა სამინ. გამ-ბა
_c1997.
300 _a244 გვ ;
_c20 სმ.
541 _h6 ლ.
653 _aეკონომიკა
653 _aსაბაზრო ეკონომიკა
700 _a გრიშიკაშვილი, ამბროსი
_eმთარგმნელი
_9774
700 _aგოცირიძე, რევაზ
_eრედაქტორი
_9775
942 _cBK
_2udc